[Event "40th Olympiad Open"]
[Site "Istanbul TUR"]
[Date "2012.09.06"]
[Round "9.47"]
[Board "1"]
[White "Malisauskas, Vidmantas"]
[Black "Njili, Kamel"]
[Result "0-1"]
[WhiteTitle "GM"]
[BlackTitle "FM"]
[WhiteElo "2451"]
[BlackElo "2357"]
[WhiteTeam "Lithuania"]
[BlackTeam "Tunisia"]
[WhiteFideId "12800031"]
[BlackFideId "5500869"]
[EventDate "2012.08.28"]

1. d4 Nf6 2. c4 e6 3. Nf3 a6 4. Nc3 d5 5. cxd5 exd5 6. Bg5 Be7 7. e3 c6 8. Bd3
Ne4 9. Bxe7 Qxe7 10. Bxe4 dxe4 11. Nd2 f5 12. Nc4 Be6 13. Nb6 Ra7 14. Nca4 Nd7
15. Nxd7 Qxd7 16. Qd2 a5 17. O-O Qd8 18. Rfc1 O-O 19. Qc2 Bd5 20. Qc5 Ra6 21. g3
b6 22. Qc2 Rf6 23. Rd1 Ra7 24. Nc3 Bf7 25. d5 c5 26. Nb5 Rd7 27. d6 Bh5 28. Rd5
Bf3 29. Re5 h5 30. a3 Kh7 31. b4 Rdxd6 32. Nxd6 Qxd6 33. Qb2 axb4 34. axb4 c4
35. b5 Qd3 36. Rc1 Rd6 37. Qa1 h4 38. Rxf5 c3 39. Rf7 Qe2 40. Re1 Qd2 41. Rf1
hxg3 42. hxg3 Rg6 43. Qa8 Rxg3+ 44. Kh2 Qd6 45. fxg3 Qh6+ 0-1

[Event "40th Olympiad Open"]
[Site "Istanbul TUR"]
[Date "2012.09.06"]
[Round "9.47"]
[Board "2"]
[White "Amdouni, Zoubaier"]
[Black "Pileckis, Emilis"]
[Result "1/2-1/2"]
[BlackTitle "IM"]
[WhiteElo "2305"]
[BlackElo "2443"]
[WhiteTeam "Tunisia"]
[BlackTeam "Lithuania"]
[WhiteFideId "5500419"]
[BlackFideId "12802476"]
[EventDate "2012.08.28"]

1. e4 c5 2. Nf3 Nc6 3. d4 cxd4 4. Nxd4 Nf6 5. Nc3 e5 6. Ndb5 d6 7. Bg5 a6 8. Na3
b5 9. Nd5 Be7 10. Bxf6 Bxf6 11. c4 b4 12. Nc2 O-O 13. h4 Be6 14. g3 a5 15. Bh3
a4 16. Bxe6 fxe6 17. Ndxb4 Nxb4 18. Nxb4 Qb6 19. a3 Bxh4 20. Qe2 Bd8 21. O-O Qc5
22. Rac1 Bb6 23. Nd3 Qc6 24. c5 Bxc5 25. Nxc5 dxc5 26. Rc4 Rad8 27. Rfc1 Rd4 28.
Rxc5 Rxe4 29. Qd3 Re1+ 30. Rxe1 Qxc5 31. Qe3 Qd4 32. Qxd4 exd4 33. Rxe6 Rd8 34.
Re2 Rb8 35. Rd2 h5 36. Rxd4 Rxb2 37. Rxa4 Rb3 38. Ra5 Kf7 39. a4 Ra3 40. Kg2 Kf6
41. Ra8 Kg5 42. f3 Kh6 43. f4 h4 44. gxh4 Kh5 45. a5 Kxh4 46. a6 Kh5 47. a7 Kg6
48. Kf2 Kh7 49. f5 Ra2+ 50. Kf3 Ra3+ 51. Kf4 Ra4+ 52. Kf3 Ra3+ 53. Kg4 Ra4+ 54.
Kg5 Ra3 55. Kf4 Ra4+ 56. Ke5 Ra5+ 57. Ke6 Ra6+ 58. Kd5 Ra1 59. Ke5 Ra5+ 60. Ke4
Ra4+ 61. Kd5 Ra1 62. Kc4 Ra2 63. Kb3 Ra1 64. Kb2 Ra4 65. Kb3 Ra1 66. Kc4 Ra4+
67. Kc5 Ra1 68. Kb6 Rb1+ 69. Kc7 Rc1+ 70. Kb7 Rb1+ 71. Kc7 Rc1+ 72. Kd6 Rd1+ 73.
Kc6 Rc1+ 74. Kb6 Rb1+ 75. Kc6 Rc1+ 76. Kb6 Rb1+ 77. Kc6 Rc1+ 1/2-1/2

[Event "40th Olympiad Open"]
[Site "Istanbul TUR"]
[Date "2012.09.06"]
[Round "9.47"]
[Board "3"]
[White "Vedrickas, Tautvydas"]
[Black "Zaibi, Amir"]
[Result "1/2-1/2"]
[WhiteTitle "FM"]
[BlackTitle "CM"]
[WhiteElo "2344"]
[BlackElo "2214"]
[WhiteTeam "Lithuania"]
[BlackTeam "Tunisia"]
[WhiteFideId "12802654"]
[BlackFideId "5500796"]
[EventDate "2012.08.28"]

1. d4 d5 2. Nf3 c6 3. c4 e6 4. Nc3 dxc4 5. a4 Bb4 6. e3 b5 7. Bd2 a5 8. axb5
Bxc3 9. Bxc3 cxb5 10. b3 Bb7 11. bxc4 b4 12. Bb2 Nf6 13. Bd3 O-O 14. O-O Nbd7
15. Qc2 Re8 16. c5 Qc7 17. Rfc1 Bc6 18. e4 a4 19. e5 Nd5 20. Bxh7+ Kh8 21. Re1
Nf8 22. Bd3 Reb8 23. Re4 Ng6 24. Rg4 Ndf4 25. Bxg6 Nxg6 26. Rxg6 b3 27. Qd3 Bxf3
28. Rg5 Bd5 29. Ba3 g6 30. Rb1 Qe7 31. h4 Kg7 32. Rg4 Rh8 33. g3 Rh5 34. Rf4 Bc6
35. f3 Qd7 36. Qc3 Qd5 37. Rb2 Rd8 38. Re2 Rf5 39. Rfe4 Rh5 40. Bc1 Qd7 41. Rf4
Qb7 42. Rh2 Qb5 43. Kf2 Bb7 44. g4 Rh7 45. h5 Rdh8 46. d5 Bxd5 47. Rb4 Qc6 48.
h6+ Rxh6 49. Rxh6 Rxh6 50. Bxh6+ Kxh6 51. Qd4 g5 52. Rxa4 Bxf3 53. Rb4 Bd5 54.
Rb6 Qa8 55. c6 Bxc6 56. Qd6 Bh1 57. Rxb3 Qa2+ 58. Ke1 Qxb3 59. Qf8+ Kh7 60.
Qxf7+ Kh8 61. Qf8+ Kh7 1/2-1/2

[Event "40th Olympiad Open"]
[Site "Istanbul TUR"]
[Date "2012.09.06"]
[Round "9.47"]
[Board "4"]
[White "Boudriga, Med Ali"]
[Black "Labeckas, Kestutis"]
[Result "1/2-1/2"]
[BlackTitle "IM"]
[WhiteElo "2191"]
[BlackElo "2378"]
[WhiteTeam "Tunisia"]
[BlackTeam "Lithuania"]
[WhiteFideId "5500460"]
[BlackFideId "12802808"]
[EventDate "2012.08.28"]

1. e4 e6 2. d4 b6 3. Nc3 Bb7 4. a3 Nf6 5. Bd3 c5 6. Nf3 cxd4 7. Nxd4 Nc6 8. Nxc6
Bxc6 9. Qe2 d5 10. exd5 Nxd5 11. Be4 Rc8 12. Bd2 Nf6 13. Bxc6+ Rxc6 14. O-O-O
Qc8 15. Bg5 Be7 16. Nb5 Rc5 17. Be3 Rd5 18. Nxa7 Qd7 19. Rxd5 Nxd5 20. Qb5 Nxe3
21. fxe3 Bc5 22. Qxd7+ Kxd7 23. Rd1+ Kc7 24. Rd3 h5 25. b4 Be7 26. c4 h4 27. h3
Rh5 28. Kc2 Rg5 29. Nb5+ Kc8 30. Rd2 Rg3 31. Re2 g5 32. Kd1 f5 33. Ke1 g4 34.
hxg4 Rxg4 35. Rc2 e5 36. Kf2 Bf8 37. Rc3 Kb7 38. c5 bxc5 39. bxc5 Rg6 40. Nd6+
Bxd6 41. cxd6 Rxd6 42. Rc5 Re6 43. a4 Kb6 44. Rb5+ Ka6 45. Kg1 f4 46. exf4 exf4
47. Rf5 Re4 48. a5 h3 49. gxh3 Re3 50. Kg2 Re2+ 51. Kg1 Re3 52. h4 Rg3+ 53. Kf2
Rg4 54. Rh5 Rg3 55. Rf5 Rg4 56. h5 Rh4 57. Kf3 Ka7 58. Ke4 Ka6 59. Ke5 f3 60.
Kf6 f2 61. Kg5 Rh2 62. Kg4 Ka7 63. Rf6 Kb7 64. Kg5 Ka7 65. Kg6 Rg2+ 66. Kh7 Rh2
67. h6 Rg2 68. Kh8 Rh2 69. h7 Rg2 70. a6 Rh2 71. Kg8 Rg2+ 72. Kf8 Rh2 73. Kg7
Rg2+ 74. Kf7 Rh2 1/2-1/2

[Event "40th Olympiad Open"]
[Site "Istanbul TUR"]
[Date "2012.09.06"]
[Round "9.48"]
[Board "2"]
[White "Mandiza, Farai"]
[Black "Pitterson, Jomo"]
[Result "1-0"]
[WhiteTitle "IM"]
[BlackTitle "IM"]
[WhiteElo "2390"]
[BlackElo "2221"]
[WhiteTeam "Zimbabwe"]
[BlackTeam "Jamaica"]
[WhiteFideId "11000430"]
[BlackFideId "7400110"]
[EventDate "2012.08.28"]

1. e4 e6 2. d3 d5 3. Nd2 c5 4. Ngf3 Nc6 5. g3 g6 6. Bg2 Bg7 7. O-O Nge7 8. Re1
b6 9. c3 a5 10. a4 Ra7 11. Qc2 h6 12. h4 O-O 13. Nf1 d4 14. N1d2 Ba6 15. Nc4 Rd7
16. Bf1 dxc3 17. bxc3 Bxc4 18. dxc4 Nb4 19. Qb3 Nd3 20. Re3 Nxc1 21. Rxc1 Qc7
22. Rb1 Nc8 23. h5 g5 24. e5 Rfd8 25. Qc2 Ne7 26. Bh3 Nc6 27. Rbe1 Ne7 28. Bg4
Nc6 29. Bh3 Ne7 30. g4 Nc6 31. Bf1 Ne7 32. Bd3 Kf8 33. Qe2 Nc6 34. Bb1 Ne7 35.
Qc2 Qc6 36. Ba2 Kg8 37. Bb3 Nc8 38. Qb1 Ne7 39. Bc2 Qc7 40. Qc1 Qc6 41. R1e2 Qc7
42. Re4 Kf8 43. Ne1 Nc6 44. f4 gxf4 45. Qxf4 Nxe5 46. Rxe5 Bxe5 47. Rxe5 Rd2 48.
Qxh6+ Ke8 49. Qe3 Ke7 50. h6 Rg8 51. g5 Qd6 52. Qf4 Re8 53. h7 Qd8 54. g6 f6 55.
Rxe6+ 1-0

[Event "40th Olympiad Open"]
[Site "Istanbul TUR"]
[Date "2012.09.06"]
[Round "9.48"]
[Board "3"]
[White "Rowe, Duane"]
[Black "Makoto, Rodwell"]
[Result "0-1"]
[WhiteTitle "CM"]
[WhiteElo "2251"]
[BlackElo "2254"]
[WhiteTeam "Jamaica"]
[BlackTeam "Zimbabwe"]
[WhiteFideId "7400268"]
[BlackFideId "11000120"]
[EventDate "2012.08.28"]

1. e4 e5 2. Nf3 Nc6 3. Nc3 Nf6 4. d4 exd4 5. Nxd4 Bb4 6. Nxc6 bxc6 7. Bd3 d5 8.
exd5 Qe7+ 9. Qe2 Qxe2+ 10. Kxe2 Nxd5 11. Ne4 O-O 12. c4 Re8 13. Kf3 Ba6 14. Rd1
Nb6 15. a3 Bf8 16. b3 c5 17. Bf4 Bb7 18. g4 Nd7 19. Re1 Nf6 20. g5 Rad8 21. Bc2
Nxe4 22. Rxe4 f5 23. gxf6 gxf6 0-1

[Event "40th Olympiad Open"]
[Site "Istanbul TUR"]
[Date "2012.09.06"]
[Round "9.48"]
[Board "4"]
[White "Moyo, Dion"]
[Black "Davy, Damion"]
[Result "1-0"]
[WhiteElo "2210"]
[BlackElo "2101"]
[WhiteTeam "Zimbabwe"]
[BlackTeam "Jamaica"]
[WhiteFideId "11000627"]
[BlackFideId "7400519"]
[EventDate "2012.08.28"]

1. d4 Nf6 2. Nf3 e6 3. g3 c5 4. Bg2 cxd4 5. Nxd4 a6 6. O-O Be7 7. e4 Qc7 8. a4
O-O 9. Be3 d6 10. a5 Bd7 11. Nb3 Bc6 12. Re1 Nbd7 13. Bd4 Nc5 14. Bxc5 dxc5 15.
Na3 Bb5 16. e5 Nd7 17. Nxb5 axb5 18. Qe2 c4 19. Nd4 Rxa5 20. Rab1 b4 21. Nf3 Rd8
22. h4 Rd5 23. Rbd1 Nb6 24. Rxd5 Nxd5 25. Qe4 b5 26. h5 Qa5 27. Bh3 Qb6 28. Ra1
h6 29. Rd1 Bc5 30. Qe2 Qa7 31. b3 Rf8 32. Qf1 Nc3 33. Ra1 Bxf2+ 34. Kg2 Qb7 35.
Qxf2 cxb3 36. cxb3 Qd5 37. Kh2 Qxb3 38. Nd4 Qd5 39. Rf1 Qxe5 40. Nxe6 Ne4 41.
Qf4 1-0

[Event "40th Olympiad Open"]
[Site "Istanbul TUR"]
[Date "2012.09.06"]
[Round "9.49"]
[Board "1"]
[White "Dervishi, Erald"]
[Black "Ferster, Fabian"]
[Result "1-0"]
[WhiteTitle "GM"]
[WhiteElo "2538"]
[BlackElo "2144"]
[WhiteTeam "Albania"]
[BlackTeam "Liechtenstein"]
[WhiteFideId "4700236"]
[BlackFideId "4695330"]
[EventDate "2012.08.28"]

1. e4 c5 2. Nf3 Nc6 3. d4 cxd4 4. Nxd4 Qb6 5. Nb3 Nf6 6. Bd3 d5 7. exd5 Nxd5 8.
O-O g6 9. c4 Nf6 10. Nc3 Bg7 11. Bg5 O-O 12. Nd5 Qd8 13. Nxf6+ exf6 14. Be3 f5
15. Rb1 Ne5 16. Be2 Be6 17. Rc1 Qh4 18. g3 Qh3 19. f3 Rad8 20. Qe1 Rfe8 21. Qf2
Nc6 22. Rfd1 Qh5 23. Nd4 Nxd4 24. Bxd4 Rxd4 25. Rxd4 Bxd4 26. Qxd4 Bd5 27. cxd5 1-0

[Event "40th Olympiad Open"]
[Site "Istanbul TUR"]
[Date "2012.09.06"]
[Round "9.49"]
[Board "2"]
[White "Kobler, Mario"]
[Black "Mehmeti, Dritan"]
[Result "0-1"]
[BlackTitle "IM"]
[WhiteElo "2099"]
[BlackElo "2437"]
[WhiteTeam "Liechtenstein"]
[BlackTeam "Albania"]
[WhiteFideId "12000094"]
[BlackFideId "4700600"]
[EventDate "2012.08.28"]

1. c4 c5 2. Nf3 Nc6 3. g3 e5 4. d3 d6 5. Nc3 Nf6 6. Bg2 Be7 7. O-O h6 8. a3 O-O
9. b4 cxb4 10. axb4 Nxb4 11. Ba3 Nc6 12. Qd2 Be6 13. Rfb1 Qd7 14. Ne1 b6 15. Nc2
d5 16. Bxe7 Nxe7 17. Nb4 Rfd8 18. Qa2 e4 19. dxe4 dxc4 20. Rd1 Qc7 21. Nbd5 Bxd5
22. exd5 Rab8 23. Qxa7 Qxa7 24. Rxa7 Nc8 25. Ra4 Nd6 26. e4 Nd7 27. Rb1 Ra8 28.
Rxa8 Rxa8 29. e5 Nxe5 30. Rxb6 Ra1+ 31. Bf1 Nf5 32. Nb1 g5 33. f4 gxf4 34. gxf4
Nd3 35. d6 Nxd6 36. Bxd3 cxd3 37. Rxd6 Rxb1+ 38. Kf2 Rb2+ 39. Ke1 Rxh2 40. Rxd3
Kg7 41. Kf1 Kg6 42. Rd5 f6 43. Ra5 h5 44. Kg1 Rh4 45. f5+ Kg5 46. Kf2 Rf4+ 47.
Kg3 Rxf5 48. Ra8 h4+ 49. Kg2 Rb5 50. Ra4 f5 51. Rc4 Rb2+ 52. Kh3 Rb3+ 53. Kg2
Rg3+ 54. Kf2 Rg4 55. Rc8 Ra4 56. Rh8 Kg4 57. Rh7 Ra2+ 58. Kg1 f4 59. Rg7+ Kf3
60. Rh7 Ra1+ 61. Kh2 Ke2 62. Rxh4 f3 63. Re4+ Kf1 64. Rb4 f2 65. Rb8 Re1 66. Rb2
Re8 67. Kg3 Kg1 0-1

[Event "40th Olympiad Open"]
[Site "Istanbul TUR"]
[Date "2012.09.06"]
[Round "9.49"]
[Board "3"]
[White "Pasku, Llambi"]
[Black "Mannhart, Marcel"]
[Result "1/2-1/2"]
[WhiteElo "2061"]
[BlackElo "2066"]
[WhiteTeam "Albania"]
[BlackTeam "Liechtenstein"]
[WhiteFideId "4700570"]
[BlackFideId "12000108"]
[EventDate "2012.08.28"]

1. d4 d6 2. c4 e5 3. Nc3 exd4 4. Qxd4 Nc6 5. Qd1 Be6 6. e4 g6 7. Nf3 Bg7 8. Bg5
f6 9. Be3 Nh6 10. h3 Nf7 11. Qa4 Bd7 12. Qa3 b6 13. Be2 O-O 14. h4 Re8 15. h5 g5
16. O-O-O h6 17. Nd4 Nxd4 18. Bxd4 c6 19. f3 Qc7 20. Kb1 a6 21. Rc1 c5 22. Nd5
Qd8 23. Bc3 Be6 24. Rhd1 b5 25. Ba5 Qd7 26. Nb6 Qc6 27. Nxa8 b4 28. Bxb4 cxb4
29. Qxb4 Qxa8 30. Qa3 Rb8 31. b3 a5 32. g4 Bf8 33. Qb2 Ne5 34. a3 Qb7 35. Ka2
Qb6 1/2-1/2

[Event "40th Olympiad Open"]
[Site "Istanbul TUR"]
[Date "2012.09.06"]
[Round "9.49"]
[Board "4"]
[White "Muendle, Kurt"]
[Black "Seitaj, Ilir"]
[Result "0-1"]
[BlackTitle "IM"]
[WhiteElo "1893"]
[BlackElo "2400"]
[WhiteTeam "Liechtenstein"]
[BlackTeam "Albania"]
[WhiteFideId "12000159"]
[BlackFideId "4700031"]
[EventDate "2012.08.28"]

1. d4 d5 2. c4 e6 3. Nf3 c5 4. e3 Nc6 5. Nc3 Nf6 6. Be2 a6 7. O-O dxc4 8. Bxc4
b5 9. Be2 Bb7 10. b3 cxd4 11. exd4 Be7 12. Bb2 O-O 13. Qd2 Qb6 14. Rfd1 Rad8 15.
Qf4 Nb4 16. Rd2 Rc8 17. Ne5 Rc7 18. Nd3 Rxc3 19. Nxb4 Bxb4 20. d5 Nxd5 21. Rxd5
Bxd5 22. Qxb4 Rc2 23. Ba3 Rfc8 24. Qg4 f5 0-1

[Event "40th Olympiad Open"]
[Site "Istanbul TUR"]
[Date "2012.09.06"]
[Round "9.50"]
[Board "4"]
[White "Cambando, Jose"]
[Black "Li, Zuhao Luke"]
[Result "0-1"]
[WhiteElo "2044"]
[BlackElo "2227"]
[WhiteTeam "Angola"]
[BlackTeam "New Zealand"]
[WhiteFideId "10100563"]
[BlackFideId "4303431"]
[EventDate "2012.08.28"]

1. e4 e6 2. d4 d5 3. Nc3 Nc6 4. e5 f6 5. exf6 Nxf6 6. Nf3 Bd6 7. Bd3 O-O 8. O-O
e5 9. dxe5 Nxe5 10. Nxe5 Bxe5 11. Bg5 c6 12. Bh4 Qb6 13. Rb1 Bg4 14. Qd2 Rae8
15. Bg3 Nd7 16. Na4 Qc7 17. b4 Bxg3 18. hxg3 Qe5 19. Nc5 Qh5 20. Nxd7 Bxd7 21.
Rbe1 Qf7 22. Rxe8 Rxe8 23. Re1 Rxe1+ 24. Qxe1 Qe6 25. Qxe6+ Bxe6 26. f4 Kf7 27.
Kf2 g6 28. Ke3 Ke7 29. a3 Kd6 30. Kf3 b6 31. g4 Bf7 32. g5 c5 33. c3 a5 34. bxa5
bxa5 35. Ke3 Be6 36. g3 Bf5 37. Be2 Bd7 38. Bd3 Ke6 39. Bf1 Kd6 40. Be2 Bf5 41.
Bf3 Bc2 42. Be2 Kc6 43. Bf1 Bd1 44. Bd3 Bg4 45. Bf1 Be6 46. Be2 Kd7 47. Bd3 Ke7
48. Kf3 Bf5 49. Be2 Kf7 50. Ke3 Kg7 51. Bf3 Be6 52. g4 Kf7 53. f5 gxf5 54. gxf5
Bxf5 55. Bxd5+ Kg6 56. Kf4 Bd3 57. Bc6 Kh5 58. Bf3+ Kh4 59. Bg4 Bc2 60. Be6 Bd3
61. c4 Kh5 62. Bd5 Kh4 63. Be6 Kh5 64. Bd5 Kh4 65. Ke5 Kxg5 66. Kd6 h5 67. Kxc5
h4 68. Kd6 h3 69. c5 h2 70. c6 Kf6 71. c7 Bf5 72. a4 Bc8 73. Bc6 Bf5 74. Bh1 Bc8
75. Bc6 Bf5 76. Bb7 Bg4 77. Kc5 Bc8 78. Bh1 Ke7 79. Kc6 Ke6 80. Bg2 Ke7 81. Bd5
Bd7+ 82. Kb7 Kd6 83. Bf3 Kc5 84. c8=Q+ Bxc8+ 85. Kxc8 Kb4 86. Kd7 Kxa4 87. Ke6
Kb4 88. Kd5 a4 89. Kd4 0-1

[Event "40th Olympiad Open"]
[Site "Istanbul TUR"]
[Date "2012.09.06"]
[Round "9.51"]
[Board "1"]
[White "Oatlhotse, Providence"]
[Black "Mohamed, Hassan MDV"]
[Result "1-0"]
[WhiteTitle "CM"]
[WhiteElo "2267"]
[BlackElo "1790"]
[WhiteTeam "Botswana"]
[BlackTeam "Maldives"]
[WhiteFideId "11300507"]
[BlackFideId "16700058"]
[EventDate "2012.08.28"]

1. d4 Nf6 2. c4 b6 3. Nf3 Bb7 4. g3 e6 5. Bg2 Be7 6. O-O O-O 7. Nc3 d6 8. Qc2
Nbd7 9. Rd1 Rb8 10. e4 Qc8 11. h3 c5 12. d5 e5 13. Ne1 Ne8 14. f4 a6 15. a4 b5
16. axb5 axb5 17. Nxb5 Nc7 18. Nxc7 Qxc7 19. Nd3 Bf6 20. f5 Qb6 21. Be3 Ra8 22.
h4 Qc7 23. Bf1 Rxa1 24. Rxa1 Ra8 25. Rxa8+ Bxa8 26. Qa4 Qb7 27. Bxc5 h6 28. Bxd6
Kh7 29. c5 Qc8 30. b4 Qd8 31. Qa5 Bxh4 32. Qxd8 Bxd8 33. Nxe5 Nxe5 34. Bxe5 Kg8
35. Bb5 f6 36. Bf4 Kf7 37. Bc6 1-0

[Event "40th Olympiad Open"]
[Site "Istanbul TUR"]
[Date "2012.09.06"]
[Round "9.51"]
[Board "4"]
[White "Ahmed, Ashraf"]
[Black "Gaealafshwe, Barileng"]
[Result "1-0"]
[BlackTitle "CM"]
[WhiteElo "1784"]
[BlackElo "2151"]
[WhiteTeam "Maldives"]
[BlackTeam "Botswana"]
[WhiteFideId "16700031"]
[BlackFideId "11300310"]
[EventDate "2012.08.28"]

1. e4 c6 2. d4 d5 3. exd5 cxd5 4. c4 Nf6 5. Nc3 Nc6 6. Nf3 e6 7. cxd5 Nxd5 8.
Bb5 Bd6 9. O-O O-O 10. Bd3 Ncb4 11. Bb1 Nf6 12. a3 Nbd5 13. Bg5 Be7 14. Qd3 g6
15. h4 b6 16. Ne5 Bb7 17. g4 Nxc3 18. bxc3 Be4 19. Qh3 Bxb1 20. Nc6 Qc7 21.
Nxe7+ Qxe7 22. Raxb1 Kg7 23. Qe3 Rfe8 24. Qe5 h6 25. Bxh6+ Kxh6 26. g5+ Kg7 27.
Rfe1 Rad8 28. c4 Qd6 29. Qxf6+ Kg8 30. Re4 Qe7 31. Qxe7 Rxe7 32. d5 Rd6 33. Rbe1
Kg7 34. Kg2 Rc7 35. dxe6 fxe6 36. Rxe6 Rxe6 37. Rxe6 Rxc4 38. Re7+ Kg8 39. Rxa7
Rxh4 40. Kg3 Rc4 41. Ra6 Rc3+ 42. f3 Rb3 43. Kf4 Kf7 44. Ra7+ Kf8 45. Ke4 b5 46.
f4 Rb1 47. Ke5 b4 48. Kf6 Ke8 49. Kxg6 b3 50. f5 Ra1 51. f6 b2 52. f7+ Kf8 53.
Ra8+ 1-0

[Event "40th Olympiad Open"]
[Site "Istanbul TUR"]
[Date "2012.09.06"]
[Round "9.52"]
[Board "1"]
[White "Al-Zendani, Zendan"]
[Black "Adu, Oladapo"]
[Result "1-0"]
[WhiteTitle "IM"]
[BlackTitle "IM"]
[WhiteElo "2363"]
[BlackElo "2227"]
[WhiteTeam "Yemen"]
[BlackTeam "Nigeria"]
[WhiteFideId "9400249"]
[BlackFideId "8500258"]
[EventDate "2012.08.28"]

1. d4 d6 2. e4 g6 3. c4 Bg7 4. Nc3 c6 5. Be3 Nf6 6. f3 Qa5 7. Qd2 h5 8. h4 a6 9.
a3 Nbd7 10. Nh3 Qc7 11. Rc1 O-O 12. Be2 c5 13. b4 b6 14. O-O Bb7 15. Ng5 a5 16.
Nb5 Qc8 17. bxc5 bxc5 18. d5 Ba6 19. Rb1 Ne5 20. a4 Qd8 21. Qe1 Bc8 22. Bd2 Nh7
23. Bc3 Bf6 24. f4 Ng4 25. Bxg4 Bxg4 26. e5 Bg7 27. Qe3 Bf5 28. Rb2 Re8 29. Re2
Rf8 30. Rfe1 Bg4 31. Rd2 Qb6 32. exd6 exd6 33. Bxg7 Kxg7 34. Qc3+ Kg8 35. Nxh7
Kxh7 36. Qf6 Rad8 37. Re7 Kg8 38. Rd3 Bf5 39. Rde3 Bd7 40. Nxd6 1-0

[Event "40th Olympiad Open"]
[Site "Istanbul TUR"]
[Date "2012.09.06"]
[Round "9.52"]
[Board "2"]
[White "Bomo, Kigigha"]
[Black "Faraj, Yahya"]
[Result "1-0"]
[WhiteTitle "CM"]
[BlackTitle "FM"]
[WhiteElo "2046"]
[BlackElo "2243"]
[WhiteTeam "Nigeria"]
[BlackTeam "Yemen"]
[WhiteFideId "8500037"]
[BlackFideId "9400184"]
[EventDate "2012.08.28"]

1. c4 e5 2. g3 Nc6 3. Nc3 d6 4. Bg2 Be6 5. d3 Qd7 6. Rb1 a5 7. a3 Nf6 8. Nf3 Bh3
9. O-O Bxg2 10. Kxg2 Be7 11. d4 exd4 12. Nxd4 O-O 13. e4 Ne5 14. Qe2 Rfe8 15.
Rd1 Bd8 16. f3 Nc6 17. Ndb5 Qe6 18. Bg5 Ne7 19. Rbc1 Rc8 20. Nd4 Qd7 21. Bxf6
gxf6 22. Qd2 Kh8 23. Qh6 Ng8 24. Qh5 Re5 25. Nf5 Be7 26. f4 Rc5 27. b4 axb4 28.
axb4 Rxf5 29. Qxf5 Qe8 30. Nd5 Kg7 31. Qg4+ Kh8 32. Re1 Bf8 33. Qxg8+ Kxg8 34.
Nxf6+ Kg7 35. Nxe8+ Rxe8 36. Kf3 Be7 37. e5 Rd8 38. exd6 Bxd6 39. c5 Bf8 40.
Rcd1 Rc8 41. Rd7 b6 42. Re5 bxc5 43. bxc5 c6 44. Rg5+ Kf6 45. Rg8 Ra8 46. Rd3 h5
47. h3 1-0

[Event "40th Olympiad Open"]
[Site "Istanbul TUR"]
[Date "2012.09.06"]
[Round "9.53"]
[Board "3"]
[White "Izijk, Jimmy"]
[Black "Almedina Ortiz, Edgardo J"]
[Result "0-1"]
[BlackTitle "FM"]
[WhiteElo "2066"]
[BlackElo "2247"]
[WhiteTeam "Netherlands Antilles"]
[BlackTeam "Puerto Rico"]
[WhiteFideId "7500041"]
[BlackFideId "3100197"]
[EventDate "2012.08.28"]

1. d4 Nf6 2. Nf3 g6 3. g3 Bg7 4. Bg2 O-O 5. O-O d6 6. c4 Nc6 7. d5 Na5 8. Nbd2
c5 9. Qc2 Rb8 10. a4 a6 11. Ra2 e6 12. e4 exd5 13. cxd5 b5 14. b3 bxa4 15. bxa4
Re8 16. Bb2 Bg4 17. Bc3 Bh6 18. Rb1 Rxb1+ 19. Qxb1 Nd7 20. Rb2 Bg7 21. Bxg7 Kxg7
22. Qd3 Qf6 23. Rb1 c4 24. Qe3 c3 25. h3 c2 26. Rc1 Bxf3 27. Nxf3 Rc8 28. Ne1
Rc3 29. Qe2 Nb3 30. Rxc2 Nd4 31. Qd2 Nxc2 32. Nxc2 Nc5 33. a5 Rd3 34. Qe2 Qb2
35. Bf1 Qe5 36. Nb4 Ra3 37. Nxa6 Rxa5 38. Nxc5 Rxc5 39. Qd3 f5 40. Bg2 f4 41.
gxf4 Qxf4 42. Qg3 Qxg3 43. fxg3 Kf6 44. Kf2 Ke5 45. h4 Rc2+ 46. Kf3 Rxg2 0-1

[Event "40th Olympiad Open"]
[Site "Istanbul TUR"]
[Date "2012.09.06"]
[Round "9.53"]
[Board "4"]
[White "Montanez Nazario, Roberto"]
[Black "Maduro, Sherman"]
[Result "1-0"]
[WhiteElo "2144"]
[BlackElo "2030"]
[WhiteTeam "Puerto Rico"]
[BlackTeam "Netherlands Antilles"]
[WhiteFideId "3100316"]
[BlackFideId "7500122"]
[EventDate "2012.08.28"]

1. Nf3 Nf6 2. g3 c5 3. Bg2 d5 4. O-O Nc6 5. d4 Bg4 6. Ne5 cxd4 7. Nxg4 Nxg4 8.
e3 Nf6 9. exd4 Qb6 10. c3 e6 11. Nd2 Be7 12. Qe2 O-O 13. Nf3 Ne4 14. Ne5 Nxe5
15. Bxe4 dxe4 16. dxe5 Rfd8 17. Qxe4 Rd7 18. b4 Qc7 19. Qe1 Rad8 20. Be3 b6 21.
f4 Qc4 22. a3 f6 23. Bd4 f5 24. Qf2 b5 25. Rfb1 a6 26. Qf1 Qc6 27. Qg2 Qc4 28.
Qa2 Qd3 29. Qxe6+ Kf8 30. Rd1 Qc2 31. Qxa6 Rd5 32. Rac1 Qe4 33. Re1 Qf3 34. Re3
Qg4 35. e6 g5 36. Rf1 gxf4 37. Rxf4 Qd1+ 38. Rf1 Qd2 39. Ref3 Rxd4 40. Rxf5+ Kg8
41. cxd4 Qxd4+ 42. R1f2 Qe3 43. Rxb5 Rf8 44. Qb6 Qe1+ 45. Kg2 Qe4+ 46. Kh3 Rxf2
47. Qxf2 Qxe6+ 48. Qf5 Qh6+ 49. Kg4 Qg7+ 50. Kh5 1-0

[Event "40th Olympiad Open"]
[Site "Istanbul TUR"]
[Date "2012.09.06"]
[Round "9.54"]
[Board "1"]
[White "De La Riva Aguado, Oscar"]
[Black "Wiedenkeller, Michael"]
[Result "1/2-1/2"]
[WhiteTitle "GM"]
[BlackTitle "IM"]
[WhiteElo "2540"]
[BlackElo "2475"]
[WhiteTeam "Andorra"]
[BlackTeam "Luxembourg"]
[WhiteFideId "6900224"]
[BlackFideId "1700146"]
[EventDate "2012.08.28"]

1. e4 e6 2. d4 d5 3. Nc3 Nf6 4. e5 Nfd7 5. Nf3 c5 6. dxc5 Nc6 7. Bf4 Bxc5 8. Bd3
f6 9. exf6 Nxf6 10. Qe2 O-O 11. O-O-O Bd7 12. Kb1 Qe7 13. Ne5 Bd6 14. Rhe1 Rae8
15. h3 Bb4 16. Bd2 Nxe5 17. Qxe5 Bd6 18. Qe2 e5 19. Bg5 Bc6 20. Bb5 d4 21. Bxf6
gxf6 22. Ne4 Rc8 23. f4 Bb4 24. Rf1 Bd5 25. fxe5 fxe5 26. Ba4 Bxe4 27. Qxe4 Bd6
28. a3 Kh8 29. Bb3 b6 30. Ka2 Qg7 31. Qd5 Be7 32. Rde1 Bf6 33. g4 Rcd8 34. Qe4
Bh4 35. Rd1 Bf2 1/2-1/2

[Event "40th Olympiad Open"]
[Site "Istanbul TUR"]
[Date "2012.09.06"]
[Round "9.54"]
[Board "2"]
[White "Serban, Vlad"]
[Black "Simonet, Marc"]
[Result "1/2-1/2"]
[BlackTitle "FM"]
[WhiteElo "2280"]
[BlackElo "2291"]
[WhiteTeam "Luxembourg"]
[BlackTeam "Andorra"]
[WhiteFideId "4001060"]
[BlackFideId "6900127"]
[EventDate "2012.08.28"]

1. e4 e6 2. d4 d5 3. Nd2 Nf6 4. e5 Nfd7 5. Bd3 c5 6. c3 Nc6 7. Ne2 cxd4 8. cxd4
f6 9. exf6 Nxf6 10. Nf3 Bd6 11. O-O Qc7 12. Bg5 O-O 13. Bh4 Nh5 14. Qc2 h6 15.
Bh7+ Kh8 16. Bg6 Nf4 17. Nxf4 Bxf4 18. Bg3 Qb6 19. Rad1 Bd7 20. Bxf4 Rxf4 21.
Qd2 Raf8 22. Bb1 Be8 23. Qd3 g6 24. Qe3 R8f6 25. b3 g5 26. Rd2 Bh5 27. Ne5 Nxe5
28. Qxe5 Qb4 29. Qe3 Qd6 30. Rc1 Kg7 31. Qc3 Bg6 32. Bxg6 Kxg6 33. Qc8 Rf7 34.
Re2 Re4 35. Rxe4 dxe4 36. Qg8+ Rg7 37. Qe8+ Rf7 38. Re1 Qd5 39. Qg8+ Rg7 40.
Qe8+ Rf7 41. Qg8+ 1/2-1/2